| 000 | 00379nam a2200157Ia 4500 | ||
|---|---|---|---|
| 008 | 230312s9999||||xx |||||||||||||| ||und|| | ||
| 020 | _a0-19-922921-5 | ||
| 082 |
_a363.233 _bSMA-R |
||
| 100 | _aSmart;Huw | ||
| 245 | 0 | _aRoad Policing | |
| 260 |
_bOxford University Press _aNew York _c2008 |
||
| 300 | _a207 | ||
| 546 | _aEng. | ||
| 650 |
_aEconomics _vPolice Q & A |
||
| 942 | _cBK | ||
| 999 |
_c6935 _d6935 |
||